000 01103nam a2200217 a 4500
001 000048794
005 20201002061419.0
008 190412s2016 dr 000 0 spa d
020 _a9789945085747
040 _aDO-SdBNP
_bspa
_cBNPHU
082 _axxxx
_bM433e
100 1 _aMatos de Fernández, Jenny
_976249
245 1 0 _aEnvida :
_bosteoporosis espiritual /
_cJenny Matos de Fernández ; prólogo Silverio Manuel Bello Valenzuela.
260 _aSanto Domingo :
_bBúho,
_c2016.
300 _a157 p. ;
_c18 cm.
500 _aIncluye datos biográficos de la autora en la solapa de la contracubierta
504 _aBibliografía : p. 159-160
505 0 _aDedicatoria --
_tPrólogo --
_tIntroducción --
_tTermitas en el alma --
_tLos parientes cedrcanos de la envidia --
_tLos tentáculos de la envidia --
_tLa envidia, enfermedad que ataca a cualquier edad --
_tLos trasmisores o generadores de la envidia --
_tDiagnósticos y aceptación --
_tTratamiento, cura y sanidad para las enfermedades del alma --
590 _aInventariado, 2019/LP
700 1 _aBello Valenzuela, Silverio Manuel,
_epról.
_91782
999 _c48282
_d48282